000 00621nam a2200241Ia 4500
003 OSt
005 20220927104552.0
006 a|||||r|||| 00| 0
007 ta
008 220926b |||||||| |||| 00| 0 eng d
024 _a150444
037 _cReference Collections
040 _aRTL
_cRTL
_beng
041 _2eng
_aeng
082 _a"X65.1.N6, K5/UN"
110 _aUnited Nations
245 0 _aProgress in Pre-investment
260 _c1965
300 _a46 p
_ccm.
700 _aUnited Nations
942 _h"X65.1.N6, K5/UN"
_cCC
999 _c688019
_d688019